000 00572nam a2200229Ia 4500
003 OSt
005 20221005113955.0
006 a|||||r|||| 00| 0
007 ta
008 221004b |||||||| |||| 00| 0 mal d
024 _a57457
037 _cTextual
040 _aCRL
_cCRL
_bmal
041 _2mal
_amal
082 _aO32,3NMPI,1, J6
100 _aMadhava pai
_9625260
245 0 _aAmani amma
260 _c1956
650 _aMALAYALAM LITERATURE
_938866
942 _hO32,3NMPI,1, J6
_cTEXL
_2cc
999 _c1029921
_d1029921